00931cas a22002777a 450000500170000000800410001701000100005801100100006802200140007803500100009224501010010226000890020330000070029231000180029936200220031759000410033959000410038059000410042159000420046265000520050486600160055686600340057290100070060690500230061399900170063620220329142356.0001016c es tr pernn 0 b1spa d a82591 a83563 a1130-6009 a9407600aITEA :bSerie Producción Animalc/por Asociación Interprofesional para el Desarrollo Agrario0 aZaragoza, España :bAsociación Interprofesional para el Desarrollo Agrario,c19- av. aCuatrimestral av. 95A n.3, 1999. aBATCH-UPDb10c20130110lUCH01h0757 aBATCH-UPDb10c20130410lUCH01h0436 aBATCH-UPDb10c20130914lUCH01h1503 aCONVERSIONb10c20130109lUCH01h134614aGanaderíaxPublicaciones periódicas.944837 a96 1 (2000) av.93 n.1-v.95 n.3 (1997-2000) aSE aLilia Sánchez G. c82591d82591